000 00292nam a2200085Ia 4500
245 0 _aPractice what you preach : what managers must do to create a high achievement culture
100 _a MAISTER, David H. London, 2003
_9101651
942 _cBK
008 210818s9999 xx 000 0 und d
999 _c440438
_d440437